000 00287nam a22001097a 4500
008 160426b xxu||||| |||| 00| 0 eng d
020 _a0534524109
041 _aeng
080 _a612.39
245 1 0 _aMedical nutrition therapy:
_cMarcia Nahikian Nelms; Sara Long Anderson;
942 _2udc
_cBK
999 _c1591
_d1591